Pokaris
| Titel: | Pokaris / medžiagą surinko ir knygą sudarė Kęstutis Grigaliūnas |
|---|---|
| Teil: | 3. 1946 |
| Beteiligt: | |
| Veröffentlicht: | 151 Seiten, 2023 |
| Umfang: | Illustrationen |
| Format: | Buch |
| Sprache: | Litauisch |
| Schriftenreihe/ mehrbändiges Werk: |
Pokaris / medžiagą surinko ir knygą sudarė Kęstutis Grigaliūnas ; 3 alle Bände anzeigen
|
| ISBN: | 9786098294002 |
| Hinweise zum Inhalt: |
Inhaltsverzeichnis
Cover Abstract |
alg: 51343091 001A $03004:23-11-23 001B $01999:14-11-25 $t09:57:06.000 001D $03004:03-12-24 001U $0utf8 001X $00 002@ $0Afu 002C $aText $btxt $2rdacontent 002D $aohne Hilfsmittel zu benutzen $bn $2rdamedia 002E $aBand $bnc $2rdacarrier 003@ $0513430911 004A $A9786098294002 007A $0513430911 $aHEB 007G $0DE020C6740D6E09008B97C1258BF600325A81 009P $qapplication/pdf $A2 $3Inhaltsverzeichnis $uhttp://scans.hebis.de/HEBCGI/show.pl?51343091_toc.pdf $mV:DE-603;B:DE-Mb50 009P $qapplication/pdf $A2 $3Cover $uhttp://scans.hebis.de/HEBCGI/show.pl?51343091_cov.pdf $mV:DE-603;B:DE-Mb50 009P $qapplication/pdf $A2 $3Abstract $uhttp://scans.hebis.de/HEBCGI/show.pl?51343091_sum.pdf $mV:DE-603;B:DE-Mb50 010@ $alit 010E $erda 011@ $a2023 021A $a1946 028C $BHerausgeber $4edt $7174351054 $8Grigaliūnas, Kęstutis$Z1957- [Tp3] $9298507617 033A $p151 Seiten 034D $aIllustrationen 036C $aPokaris $x13 $hmedžiagą surinko ir knygą sudarė Kęstutis Grigaliūnas $l3 036D $x13 $8Pokaris / medžiagą surinko ir knygą sudarė Kęstutis Grigaliūnas $9432875174 044K $RLitovskaja Gubernija $RLitauische Sozialistische Sowjetrepublik $#Litauen $#Litauen $#Litauen $#Lithuania $#Lietuvos Respublika $#République Lithuanienne $#Lithuanie $#Litva 1918 - 1940, 1991, 9 - $#Litovskaja Respublika $#Lithuania 1918 - 1940, 1991, 9 - $#Republik Litauen $#Republic of Lithuania $#Lithuanian Republic $#Litauische Republik $#Lietuva $#Litwa $74074266-0 $8Litauen [Tg1] $9085209074 044K $RKommunismus $REntstalinisierung $#Stalinisme $#Stalinismus $#Stalinismus $74056883-0 $8Stalinismus [Ts1] $9085158437 044K $RVerfolgung $RPolitisch Verfolgter $#State-sponsored terrorism $#Political persecution $#Terrorisme d'État $#Répression politique $#Terrorismo de Estado $#Politische Repression $#politische Verfolgung $#Politische Verfolgung $#Staatsterrorismus $#Terror $#Staatsterrorismus $#Staat Terror $74046565-2 $8Politische Verfolgung [Ts1] $9085129992 044K $RBiograf $RLebenslauf $RBiografik $#Biographies $#Biography $#Biographies -- Histoire et critique $#Biographie $#Biographisches Nachschlagewerk $#Lebensbeschreibung $#Berühmte Persönlichkeit Biografie $#Biografisches Nachschlagewerk $74006804-3 $8Biografie [Ts1] $9085010375 045F $a909 $eDDC23BSB 045F/01 $a909 045F/03 $f09044 045F/03 $g4793 045R $aGeschichte 1946 lok: 51343091 24 exp: 51343091 24 1 #EPN 201B/01 $003-12-24 $t14:50:28.000 201C/01 $023-11-23 201U/01 $0utf8 203@/01 $01248678605 208@/01 $a03-12-24 $bz 209A/01 $a23.05796 $du $f050 $h23 05796 $x00 209C/01 $a23.05796 K $h23 05796 K 209G/01 $a74112099 $x00 220C/01 $acer 247C/01 $8358050-7Marburg, Bibliothek des Herder-Instituts Marburg $9102600961
| LEADER | 00000cam a2200000 cc4500 | ||
|---|---|---|---|
| 001 | 513430911 | ||
| 003 | DE-603 | ||
| 005 | 20251114095706.0 | ||
| 007 | tu | ||
| 008 | 231123s2023 xx |||| | u00||u|lit c | ||
| 020 | |a 9786098294002 | ||
| 035 | |a (DE-599)HEB513430911 | ||
| 040 | |a DE-603 |b ger |c DE-603 |d DE-603 |e rda | ||
| 041 | |a lit | ||
| 082 | 0 | 4 | |8 1\u |a 909 |q DE-101 |2 23/BSB |
| 085 | |8 1\u |b 909 | ||
| 085 | |8 1\u |z 1 |s 09044 | ||
| 085 | |8 1\u |z 2 |s 4793 | ||
| 245 | 0 | 0 | |a Pokaris |n 3 |p 1946 |c medžiagą surinko ir knygą sudarė Kęstutis Grigaliūnas |
| 264 | 1 | |a 151 Seiten |c 2023 | |
| 300 | |a Illustrationen | ||
| 336 | |a Text |b txt |2 rdacontent | ||
| 337 | |a ohne Hilfsmittel zu benutzen |b n |2 rdamedia | ||
| 338 | |a Band |b nc |2 rdacarrier | ||
| 648 | 7 | |a Geschichte 1946 |2 gnd | |
| 650 | 7 | |a Stalinismus |0 (DE-588)4056883-0 |0 (DE-603)085158437 |2 gnd | |
| 650 | 7 | |a Politische Verfolgung |0 (DE-588)4046565-2 |0 (DE-603)085129992 |2 gnd | |
| 650 | 7 | |a Biografie |0 (DE-588)4006804-3 |0 (DE-603)085010375 |2 gnd | |
| 651 | 7 | |a Litauen |0 (DE-588)4074266-0 |0 (DE-603)085209074 |2 gnd | |
| 700 | 1 | |a Grigaliūnas, Kęstutis |d 1957- |e Herausgeber |4 edt |0 (DE-603)298507617 |0 (DE-588)174351054 |2 gnd | |
| 773 | 0 | 8 | |q 13 |w (DE-603)432875174 |
| 856 | 4 | 2 | |m V:DE-603;B:DE-Mb50 |q application/pdf |u http://scans.hebis.de/HEBCGI/show.pl?51343091_toc.pdf |3 Inhaltsverzeichnis |
| 856 | 4 | 2 | |m V:DE-603;B:DE-Mb50 |q application/pdf |u http://scans.hebis.de/HEBCGI/show.pl?51343091_cov.pdf |3 Cover |
| 856 | 4 | 2 | |m V:DE-603;B:DE-Mb50 |q application/pdf |u http://scans.hebis.de/HEBCGI/show.pl?51343091_sum.pdf |3 Abstract |
| 924 | 0 | |9 Mb 50 |a (DE-603)1248678605 |b DE-Mb50 |c HES |d c |g 23.05796 | |
alle Bände anzeigen

